000
00247 a2200109 4500
001
31433
090
_c
21317
_d
21317
100
_a
Holzner, Stevan
245
_a
Visual Basic six Programming Black Book
260
_a
New Delhi
_b
Dream Tech
505
_a
CD/DVD
942
_a
NUST-CAE
999
_c
266506
_d
266506